Normal view
MARC view
- Riaz, Muhammad Usman (MSEE-19)
Entry Personal Name
001 - CONTROL NUMBER
- control field: 35275
003 - CONTROL NUMBER IDENTIFIER
- control field: NUST
005 - DATE AND TIME OF LATEST TRANSACTION
- control field: 20201113140318.0
008 - FIXED-LENGTH DATA ELEMENTS
- fixed length control field: 201113|| aca||aabn | a|a d
040 ## - CATALOGING SOURCE
- Original cataloging agency: NUST
- Transcribing agency: NUST
100 ## - HEADING--PERSONAL NAME
- Personal name: Riaz, Muhammad Usman (MSEE-19)
670 ## - SOURCE DATA FOUND
- Source citation: Work cat.: (NUST)217075: Riaz, Muhammad Usman (MSEE-19) , Wavelet-Based Image modeling for signal denoising using hidden markov model, 2015
